[Event "Spartakiada URS"]
[Site "masterchessopen.com Azov (Russia)"]
[Round "0"]
[White "Guseinov Aidyn (AZE)"]
[Black "Ilinsky Vladimir (KGZ)"]
[Result "1-0"]
[WhiteElo "2489"]
[BlackElo "2291"]

1.d4 Nf6 2.c4 e6 3.Nc3 Bb4 4.Qc2 d6 5.a3 Bxc3+ 6.Qxc3 Nbd7 7.g3 O-O 8.Bg2 a5
9.b3 e5 10.dxe5 dxe5 11.Nf3 Qe7 12.O-O Ne4 13.Qc2 Nec5 14.Bb2 a4 15.b4 Nb3
16.Rad1 c5 17.bxc5 Nbxc5 18.Bc3 Ra7 19.Bb4 b6 20.Nd2 Nf6 21.Nb1 Qe6 22.Bd5 Qh3
23.f3 Bd7 24.Nc3 Rc8 25.Qd2 Nxd5 26.cxd5 h5 27.d6 Be6 28.Nd5 Bxd5 29.Qxd5 Qe6
30.Qxe6 fxe6 31.Bc3 Nd7 32.Rc1 Rc6 33.Rfd1 Ra8 34.Bb4 Rac8 35.Rxc6 Rxc6 36.Kf2
Kf7 37.Ke3 Ke8 38.g4 hxg4 39.fxg4 Rc4 40.h3 b5 41.Rd3 Nf6 42.d7+ Nxd7 43.Rd6
Nc5 44.Rb6 Re4+ 45.Kf3 Rf4+ 46.Kg2 Ne4 47.Be1 Nc5 48.Rxb5 Nd7 49.Ra5 Re4
50.Kf3 Rf4+ 51.Ke3 Rf1 52.Bg3 Ra1 53.Ra8+ Ke7 54.Rxa4 g5 55.Kf3 Rh1 56.Kg2 Rd1
57.Bf2 Kf6 58.Ra8 Ra1 59.a4 Ke7 60.Be3 Kd6 61.Bxg5 Nc5 62.a5 Ra2 63.Kf3 e4+
64.Ke3 e5 65.a6 Ra3+ 66.Kf2 Rxa6 67.Rxa6+ Nxa6 68.h4 Nc5 69.Ke3 Kd5 70.h5 Ke6
71.Bh4 Nb7 72.Kxe4 Nd6+ 73.Kf3 Nb5 74.e3 Nd6 75.g5 Kf5 76.g6 e4+ 77.Kg2 Ne8
78.g7 {#r} 1-0

[Event "It (open)"]
[Site "masterchessopen.com Bad Ragaz (Switzerland)"]
[Round "0"]
[White "Steinert Marc (GER)"]
[Black "Ambroz Jan (CZE)"]
[Result "0-1"]
[WhiteElo "2237"]
[BlackElo "2364"]

1.d4 e6 2.c4 Nf6 3.Nc3 Bb4 4.Qc2 d6 5.a3 Bxc3+ 6.Qxc3 O-O 7.Bg5 Nbd7 8.f3 Re8
9.e4 e5 10.d5 a5 11.b3 Nc5 12.Be3 Bd7 13.Ne2 c6 14.dxc6 bxc6 15.Rd1 Nb7 16.Ng3
Qe7 17.Be2 Rec8 18.Qd2 Be6 19.Bg5 h6 20.Nh5 Kh7 21.Nxf6+ gxf6 22.Bxh6 Nc5
23.Be3 Nxb3 24.Qxd6 Qxd6 25.Rxd6 c5 26.Kf2 Nd4 27.Rc1 Rab8 28.Bxd4 cxd4 29.Rc2
Rb3 30.Ke1 Rxa3 31.Kd2 a4 32.Ra6 f5 33.Bd3 f4 34.Kc1 Rxd3 35.Rxa4 Rc3 36.Rxc3
dxc3 37.Ra5 Rxc4 38.Kc2 Rc8 39.Rxe5 Bb3+ {#R} 0-1

[Event "It"]
[Site "masterchessopen.com Biel (Switzerland)"]
[Round "0"]
[White "Kozul Zdenko (CRO)"]
[Black "Gavrikov Viktor (LTU)"]
[Result "1-0"]
[WhiteElo "2560"]
[BlackElo "2585"]

1.d4 Nf6 2.c4 e6 3.Nc3 Bb4 4.Qc2 d6 5.e3 c5 6.Bd3 Nc6 7.Ne2 Bxc3+ 8.Qxc3 O-O
9.b3 a5 10.Bb2 a4 11.Rd1 cxd4 12.Nxd4 axb3 13.Nxc6 bxc6 14.axb3 c5 15.O-O Bb7
16.Bb1 Ne8 17.e4 f6 18.e5 fxe5 19.Qh3 Qg5 20.Bc1 Qf6 21.Bxh7+ Kf7 22.f4 Ke7
23.fxe5 Qxe5 24.Rfe1 Qf6 25.Bg5 Qxg5 26.Qxe6+ Kd8 27.Rxd6+ Nxd6 28.Qxd6+ Kc8
29.Qxf8+ Kc7 30.Qe7+ Qxe7 31.Rxe7+ Kc8 32.Bf5+ {#r} 1-0

[Event "Cup Mitropa"]
[Site "masterchessopen.com Brno (Czech Republic)"]
[Round "0"]
[White "Marinelli Tullio (ITA)"]
[Black "Bischoff Klaus (GER)"]
[Result "1/2-1/2"]
[WhiteElo "2373"]
[BlackElo "2495"]

1.d4 e6 2.c4 Nf6 3.Nc3 Bb4 4.Qc2 d6 5.e3 O-O 6.Bd3 e5 7.Ne2 Nc6 8.Bd2 Ba5
9.O-O exd4 10.exd4 Bb6 11.Nd5 Nxd4 12.Nxd4 Bxd4 13.Nxf6+ Qxf6 14.Bxh7+ Kh8
15.Be4 Be6 16.Be3 Bxe3 17.fxe3 Qe5 18.Rf3 g6 19.Rg3 c6 20.Bd3 Rg8 21.Rf1 f5
22.Rff3 Raf8 23.Rg5 Kg7 24.Qf2 Rh8 25.h4 Rh5 26.Rxh5 gxh5 27.Rf4 Rf6 28.b3 Qc3
29.Be2 Bf7 30.Rxf5 {#d} 1/2-1/2

[Event "Tournament"]
[Site "masterchessopen.com Buenos Aires (Argentina)"]
[Round "8"]
[White "Tanner Pedro (ARG)"]
[Black "Ucha Luis (ARG)"]
[Result "0-1"]
[WhiteElo "1906"]
[BlackElo "2000"]

1.d4 Nf6 2.c4 e6 3.Nc3 Bb4 4.Qc2 d6 5.a3 Bxc3+ 6.Qxc3 Qe7 7.Nf3 b6 8.e3 Ne4
9.Qc2 f5 10.Bd3 Bb7 11.b3 Nd7 12.Bb2 Ndf6 13.h3 c5 14.O-O-O a6 15.Kb1 Bc6
16.Qe2 Qb7 17.dxc5 bxc5 18.Ka2 Rb8 19.Qc2 a5 20.Rb1 O-O 21.Bc3 Qa7 22.Rb2 e5
23.Bxe4 Nxe4 24.Rd1 Rb6 25.Ne1 a4 26.b4 Qf7 27.Bd2 Nxf2 28.Rc1 Rfb8 29.Ka1 Be4
30.Qc3 cxb4 31.axb4 Bc6 32.b5 Ne4 33.Qd3 Nc5 34.Qxd6 Nb3+ 35.Rxb3 Be4 36.Qxe5
axb3 37.Kb2 h6 38.Ba5 R6b7 39.Rc3 Kh7 40.Nf3 Ra8 41.Bb4 Bc2 42.Nd4 Ra2+ {#R}
0-1

[Event "It (open)"]
[Site "masterchessopen.com Catania (Italy)"]
[Round "0"]
[White "Marinelli Tullio (ITA)"]
[Black "Aleksic Nenad (MNE)"]
[Result "1/2-1/2"]
[WhiteElo "2373"]
[BlackElo "2012"]

1.d4 Nf6 2.c4 e6 3.Nc3 Bb4 4.Qc2 d6 5.e3 Nbd7 6.Bd3 Bxc3+ 7.Qxc3 b6 8.Ne2 Bb7
9.f3 c5 10.O-O O-O 11.Qe1 Re8 12.Qg3 Qe7 13.Nc3 Red8 14.b3 Nf8 15.Ba3 Ba6
16.Rad1 Ng6 17.Rfe1 Rac8 18.Bf1 Nh5 19.Qf2 Nf6 20.e4 cxd4 21.Rxd4 Ne8 22.Red1
Qf6 23.Qe3 h6 24.Bxd6 e5 25.Bxe5 Nxe5 26.Nd5 Qd6 27.Nb4 Qxb4 28.Rxd8 Rxd8
29.Rxd8 Qe7 30.Rd2 Nf6 31.c5 Bxf1 32.cxb6 axb6 33.Kxf1 Qc7 34.Qd4 Kh7 35.Ke2
Ng6 36.g3 b5 37.a4 bxa4 38.bxa4 Qa5 39.Qc4 Ne5 40.Qb3 Qa6+ 41.Qb5 Qe6 42.a5
Nxf3 43.Kxf3 Qxe4+ 44.Kf2 Ng4+ 45.Kf1 g6 46.a6 Qh1+ 47.Ke2 Qxh2+ 48.Kd1 Qh1+
49.Kc2 Qe4+ 50.Kb2 Ne3 51.Rd3 Nc4+ 52.Kc3 Ne5 53.Qd5 Qa4 54.Rd2 Qa1+ 55.Rb2
Qc1+ 56.Kb3 Qe3+ 57.Ka2 Kg7 58.Qb7 Qd4 59.Rc2 Qa4+ 60.Kb1 Nc4 61.Rxc4 {#d}
1/2-1/2

[Event "Bundesliga 1990/91 (2nd)"]
[Site "masterchessopen.com Germany"]
[Round "0"]
[White "Bluhm Grischa (GER)"]
[Black "Ambroz Jan (CZE)"]
[Result "1/2-1/2"]
[WhiteElo "2295"]
[BlackElo "2364"]

1.d4 Nf6 2.c4 e6 3.Nc3 Bb4 4.Qc2 d6 5.a3 Bxc3+ 6.Qxc3 O-O 7.g3 Re8 8.Bg2 e5
9.dxe5 dxe5 10.Be3 Ng4 11.Nf3 Nc6 12.Rd1 Qe7 13.Bc1 {#d} 1/2-1/2

[Event "Ch France (accession)"]
[Site "masterchessopen.com Montpellier (France)"]
[Round "7"]
[White "Eliet Nicolas (FRA)"]
[Black "Monnard Laurent (FRA)"]
[Result "1-0"]
[WhiteElo "2410"]
[BlackElo "2240"]

1.d4 Nf6 2.c4 e6 3.Nc3 Bb4 4.Qc2 d6 5.a3 Bxc3+ 6.Qxc3 Nbd7 7.Bg5 Qe7 8.e3 b6
9.f3 Bb7 10.Qc2 a5 11.Bd3 e5 12.Ne2 h6 13.Bxf6 Nxf6 14.d5 Nd7 15.O-O a4 16.Ng3
Nc5 17.Rae1 O-O-O 18.Ne4 Nxd3 19.Qxd3 Kb8 20.Nc3 Qd7 21.Qc2 Ba6 22.Nxa4 f5
23.b3 g5 24.Nb2 h5 25.a4 f4 26.b4 Rdf8 27.b5 Bb7 28.Nd3 Rhg8 29.Nb4 fxe3
30.Rxe3 Qf5 31.Qxf5 Rxf5 32.Re4 Kc8 33.Ra1 Kd7 34.a5 bxa5 35.Rxa5 g4 36.fxg4
hxg4 37.Ra1 g3 38.h3 Rgf8 39.Nd3 Bc8 40.Rg4 R5f7 41.Re1 Rf2 42.Rxg3 R2f7
43.Nb4 Rh8 44.Rf1 Ke8 45.Rxf7 Kxf7 46.Rf3+ Kg6 47.Kf2 Bf5 48.Na6 Rh7 49.g4 Be4
50.Re3 Bb1 51.Kg3 e4 52.Nb4 Rf7 53.Kg2 Rf4 54.Na6 Rf7 55.c5 Bd3 56.cxd6 cxd6
57.Nb4 Rb7 58.Nxd3 exd3 59.Rxd3 Rxb5 60.Kg3 Ra5 61.h4 Rb5 62.Rd4 Ra5 63.Kf4
{#r} 1-0

[Event "Ch RLP (c)"]
[Site "masterchessopen.com Rheinland-Pfalz (Germany)"]
[Round "2"]
[White "Spiess Gunter (GER)"]
[Black "Votava Jan (CZE)"]
[Result "0-1"]
[WhiteElo "2420"]
[BlackElo "2380"]

1.d4 Nf6 2.c4 e6 3.Nc3 Bb4 4.Qc2 d6 5.Nf3 O-O 6.Bd2 b6 7.e3 Bb7 8.Be2 Bxc3
9.Bxc3 Be4 10.Qc1 Nbd7 11.O-O c5 12.Nd2 Bg6 13.b3 Rc8 14.Qb2 Qe7 15.Rad1 Rcd8
16.f3 e5 17.dxe5 dxe5 18.e4 Ne8 19.Rf2 f6 20.Nf1 Nc7 21.Ne3 Ne6 22.Nd5 Qf7
23.Bf1 Nb8 24.g3 Nc6 25.Bg2 Ned4 26.f4 exf4 27.gxf4 h6 28.Rd3 Rfe8 29.f5 Bh7
30.Rg3 Kh8 31.Nf4 Re5 32.Ne6 Rg8 33.Nxd4 cxd4 34.Bxd4 Nxd4 35.Qxd4 Qe7 36.Rd3
g6 37.fxg6 Bxg6 38.Kh1 Rxe4 39.Qd5 Re1+ 40.Rf1 Rxf1+ 41.Bxf1 Be4+ {#R} 0-1

[Event "Ch World (seniors)"]
[Site "masterchessopen.com Bad Woerishofen (Germany)"]
[Round "10"]
[White "Marschall Josef (GER)"]
[Black "Steglich Walter"]
[Result "1/2-1/2"]
[WhiteElo "2093"]
[BlackElo "2200"]

1.d4 Nf6 2.c4 e6 3.Nc3 Bb4 4.Qc2 d6 5.Nf3 c5 6.dxc5 dxc5 7.a3 Bxc3+ 8.Qxc3 Nc6
9.Bg5 h6 10.Rd1 Qa5 11.Bxf6 gxf6 12.Qxa5 Nxa5 13.e3 Nc6 14.Be2 Rg8 15.g3 e5
16.Nd2 f5 17.Nb1 Be6 18.Nc3 Rd8 19.O-O Ke7 20.Kg2 Rxd1 21.Rxd1 Rd8 22.Rxd8
Nxd8 {#d} 1/2-1/2

[Event "It (open)"]
[Site "masterchessopen.com Bozen (Italy)"]
[Round "0"]
[White "Barbero Gerardo F (ARG)"]
[Black "Rashkovsky Nukhim N (RUS)"]
[Result "1-0"]
[WhiteElo "2441"]
[BlackElo "2517"]

1.d4 Nf6 2.c4 e6 3.Nc3 Bb4 4.Qc2 d6 5.e3 O-O 6.Bd3 b6 7.Ne2 Bb7 8.O-O Nbd7
9.e4 Bxc3 10.Nxc3 e5 11.Ne2 h6 12.f3 c6 13.b3 d5 14.Bb2 Re8 15.Rad1 dxe4
16.Bxe4 Qc7 17.Bf5 Rad8 18.Ng3 exd4 19.Rxd4 c5 20.Rdd1 Ne5 21.Rde1 Re7 22.Bc3
Rde8 23.Qb2 g6 24.Bb1 Nfd7 25.Rd1 Nc6 26.Qc1 Kh7 27.Nf5 gxf5 28.Bxf5+ Kg8
29.Qxh6 {#r} 1-0

[Event "Olympiad (corr.)"]
[Site "masterchessopen.com corr."]
[Round "0"]
[White "Hebert Jean (CAN)"]
[Black "Sloth Jorn (DEN)"]
[Result "1/2-1/2"]
[WhiteElo "2416"]
[BlackElo "2328"]

1.d4 Nf6 2.c4 e6 3.Nc3 Bb4 4.Qc2 d6 5.Bg5 Nbd7 6.e3 c5 7.Bd3 Qa5 8.Ne2 cxd4
9.Bxf6 Nxf6 10.exd4 Bd7 11.O-O Rc8 12.a3 Bxc3 13.Nxc3 Qb6 14.Ne2 O-O 15.b4
Rfe8 16.Rac1 e5 17.dxe5 Rxe5 18.Qb2 Nh5 19.c5 Rexc5 20.Bxh7+ Kxh7 21.Qb1+ Bf5
22.bxc5 Qxb1 23.Rxb1 Bxb1 24.Rxb1 Rxc5 25.Rxb7 Ra5 26.Rxf7 Rxa3 27.f3 Ra2
28.Kf1 Nf6 29.Nf4 a5 30.g4 a4 31.Ne6 a3 32.Rxg7+ Kh8 33.Ra7 Nd5 34.g5 Ne3+
35.Ke1 Ng2+ 36.Kd1 Ne3+ 37.Ke1 Ng2+ 38.Kf1 {#d} 1/2-1/2

[Event "It (open)"]
[Site "masterchessopen.com Dortmund (Germany)"]
[Round "1"]
[White "Koerholz Ludger (GER)"]
[Black "Bischoff Klaus (GER)"]
[Result "1/2-1/2"]
[WhiteElo "2255"]
[BlackElo "2510"]

1.d4 Nf6 2.c4 e6 3.Nc3 Bb4 4.Qc2 d6 5.Nf3 Nbd7 6.e3 O-O 7.Be2 b6 8.O-O Bb7
9.Bd2 Bxc3 10.Bxc3 Ne4 11.Nd2 Nxc3 12.Qxc3 c5 13.a3 Qc7 14.b4 Rac8 15.Rfd1 Nf6
16.Rac1 Qe7 17.Bf3 cxd4 18.Qxd4 Rfd8 19.Ne4 Bxe4 20.Bxe4 h6 21.h3 Kf8 22.Bf3
Ne8 23.g3 Qf6 24.Kg2 Qxd4 25.exd4 Nf6 26.Be2 Rc7 27.a4 Rdc8 28.Ra1 Ne4 29.Bd3
Nf6 30.a5 Nd7 31.Rd2 g6 {#d} 1/2-1/2

[Event "Ch World (juniors) (under 16) (g)"]
[Site "masterchessopen.com Duisburg (Germany)"]
[Round "0"]
[White "Gervais Claire (FRA)"]
[Black "Abolina Liga (LAT)"]
[Result "1-0"]
[WhiteElo "2118"]
[BlackElo "2140"]

1.d4 Nf6 2.c4 e6 3.Nc3 Bb4 4.Qc2 d6 5.a3 Bxc3+ 6.Qxc3 Nbd7 7.Nf3 Qe7 8.g3 O-O
9.Bg2 e5 10.dxe5 dxe5 11.O-O c6 12.b4 Re8 13.Bb2 h6 14.Rad1 e4 15.Nd4 Nb6
16.Ba1 Bd7 17.Nc2 Rad8 18.Ne3 Na4 19.Qb3 Nb6 20.c5 Nbd5 21.Nc4 Rf8 22.Nd6 Be6
23.Qb2 e3 24.Rd3 exf2+ 25.Rxf2 Rb8 26.e4 Nc7 27.Rdf3 Nce8 28.h3 Rd8 29.Bf1 Nh5
30.Nxe8 Rfxe8 31.g4 Nf6 32.Rxf6 gxf6 33.Rxf6 Qd7 34.Rg6+ {#r} 1-0

[Event "Oberliga Northwest 1991/92"]
[Site "masterchessopen.com Germany"]
[Round "-56"]
[White "Mueller Achim (GER)"]
[Black "Buchenau Frank (GER)"]
[Result "1-0"]
[WhiteElo "1992"]
[BlackElo "2261"]

1.d4 Nf6 2.c4 e6 3.Nc3 Bb4 4.Qc2 d6 5.Nf3 Nbd7 6.Bg5 h6 7.Bh4 O-O 8.e3 Re8
9.Be2 c6 10.O-O e5 11.Ne4 exd4 12.a3 Ba5 13.Nxd6 Re6 14.Nxc8 dxe3 15.Nd4 exf2+
16.Bxf2 Qxc8 17.Nxe6 fxe6 18.Kh1 Bc7 19.Bh4 Qb8 20.Bxf6 Nxf6 21.Rxf6 gxf6
22.Qg6+ Kh8 23.Qxh6+ Kg8 24.Qg6+ Kh8 25.Qxf6+ Kg8 26.Qxe6+ Kg7 27.Rd1 {#r} 1-0

[Event "Ch Hungary (team)"]
[Site "masterchessopen.com Hungary"]
[Round "12"]
[White "Schroter Tamas (HUN)"]
[Black "Amrein Roland (HUN)"]
[Result "0-1"]
[WhiteElo "2219"]
[BlackElo "2199"]

1.d4 Nf6 2.c4 e6 3.Nc3 Bb4 4.Qc2 d6 5.a3 Bxc3+ 6.Qxc3 O-O 7.Nf3 b6 8.e3 Bb7
9.Bd3 Nbd7 10.b3 e5 11.Be2 Ne4 12.Qc2 f5 13.Bb2 Qf6 14.dxe5 Nxe5 15.O-O f4
16.Nxe5 dxe5 17.Bd3 Ng5 18.h4 Nf3+ 19.gxf3 Qxh4 20.Bxh7+ Kh8 21.Kg2 Qg4+
22.Kh2 Bxf3 23.Qg6 Qh4+ 24.Kg1 Qh1# 0-1

[Event "Ch Hungary (team) 1992/93"]
[Site "masterchessopen.com Hungary"]
[Round "0"]
[White "Forintos Gyozo V (HUN)"]
[Black "Horvath Gyula (HUN)"]
[Result "1/2-1/2"]
[WhiteElo "2465"]
[BlackElo "2364"]

1.d4 Nf6 2.c4 e6 3.Nc3 Bb4 4.Qc2 d6 5.a3 Bxc3+ 6.Qxc3 Nbd7 7.Bg5 h6 8.Bh4 a5
9.f3 c5 10.Bg3 Qc7 11.Rd1 e5 12.dxe5 dxe5 13.e3 O-O 14.Bd3 Re8 15.Ne2 Nb6
16.Qc2 Bd7 17.Nc3 Bc6 18.O-O Rad8 19.Rfe1 Qe7 20.e4 Nbd7 21.Nd5 Qd6 22.Qc3 b6
23.Bc2 Qb8 24.Nxf6+ gxf6 25.Bh4 Kg7 26.b4 axb4 27.axb4 Nf8 28.Rb1 Qc7 29.bxc5
bxc5 30.f4 Ng6 31.Bf2 exf4 32.Bxc5 Qe5 33.Qxe5 Nxe5 34.Rf1 Rd2 35.Rbc1 Nd3
36.Bxd3 Rxd3 37.Rxf4 Rxe4 38.Rxe4 Bxe4 39.Kf2 f5 40.g3 Rd2+ 41.Ke3 Rc2 42.Rxc2
Bxc2 43.Kd4 Kf6 44.Kd5 Bb3 45.Bd6 h5 46.Bf8 Ba2 47.Ba3 Bb3 48.Bd6 Ba2 49.Bf4
Ke7 50.Kc5 Kd7 51.Kb5 Bb1 52.Kb4 Be4 53.Kc3 Ke6 54.Kd4 Bg2 {#d} 1/2-1/2

[Event "It"]
[Site "masterchessopen.com Peristeri (Greece)"]
[Round "7"]
[White "Kalesis Nikolaos (GRE)"]
[Black "Pandavos Panayotis (GRE)"]
[Result "1/2-1/2"]
[WhiteElo "2473"]
[BlackElo "2247"]

1.d4 Nf6 2.c4 e6 3.Nc3 Bb4 4.Qc2 d6 5.Nf3 O-O 6.Bg5 Nbd7 7.e3 e5 8.dxe5 dxe5
9.O-O-O Bxc3 10.Qxc3 Qe7 11.Be2 Re8 12.Nd2 a5 13.f3 a4 14.Bd3 Qc5 15.Bf5 h6
16.Bh4 a3 {#d} 1/2-1/2

[Event "Ch Czechoslovakia (open)"]
[Site "masterchessopen.com Prague (Czech Republic)"]
[Round "6"]
[White "Priehoda Vitezslav (CZE)"]
[Black "Znamenacek Kvetoslav (CZE)"]
[Result "1-0"]
[WhiteElo "2420"]
[BlackElo "2294"]

1.d4 Nf6 2.c4 e6 3.Nc3 Bb4 4.Qc2 d6 5.Nf3 O-O 6.Bd2 c5 7.e3 cxd4 8.exd4 d5
9.a3 Be7 10.c5 b6 11.b4 a5 12.Rb1 axb4 13.axb4 bxc5 14.bxc5 Nc6 15.Bb5 Bd7
16.O-O Qc7 17.Rfe1 Rfb8 18.Bxc6 Bxc6 19.Ne5 Rxb1 20.Rxb1 Nd7 21.f4 Nxe5
22.fxe5 f6 23.Bf4 Qa5 24.Qd2 Be8 25.h3 Bd8 26.exf6 Bxf6 27.Qe3 Bg6 28.Rb8+
Rxb8 29.Bxb8 Kf7 30.Bg3 Qb4 31.Bf2 Qc4 32.Kh2 Bd3 33.Nd1 Be4 34.Nc3 Bd3 35.Nd1
Be4 36.Qf4 Qe2 37.Nc3 Qd3 38.Nxe4 Qxe4 39.Qc7+ Kg6 40.Qg3+ Kf7 41.c6 Qc2 42.c7
g5 43.Be1 Ke8 44.Qd6 Be7 45.Qb6 g4 46.hxg4 Qc1 47.Bd2 Qc4 48.Bf4 e5 49.Bxe5
{#r} 1-0

[Event "It \"]
[Site "masterchessopen.com Subotica (Yugoslavia)"]
[Round "39"]
[White "Djantar Djordje (YUG)"]
[Black "Mijailovic Zoran (SRB)"]
[Result "1-0"]
[WhiteElo "2240"]
[BlackElo "2414"]

1.d4 Nf6 2.c4 e6 3.Nc3 Bb4 4.Qc2 d6 5.Bg5 Nbd7 6.a3 Bxc3+ 7.Qxc3 b6 8.Nf3 Bb7
9.e3 O-O 10.Be2 a5 11.Qc2 a4 12.O-O h6 13.Bh4 g5 14.Bg3 Ne4 15.Nd2 f5 16.f3
Nxg3 17.hxg3 Qf6 18.f4 e5 19.fxe5 dxe5 20.Bg4 e4 21.Bxf5 Qd6 22.Bxe4 Bxe4
23.Qxe4 Kg7 24.Rxf8 Rxf8 25.Rf1 Nf6 26.Qf3 Nh7 27.Qe2 Qxg3 28.Rxf8 Nxf8 29.Nf1
Qd6 30.Qc2 Qd7 31.Ng3 Qe6 32.Kf2 Nh7 33.Qf5 Qe8 34.Ne4 Qe7 35.Nc3 Nf6 36.e4
Qf7 37.Ke3 Qxc4 38.e5 Nh5 39.Qd7+ Kg6 40.Qe8+ Qf7 41.Qxf7+ Kxf7 42.Nxa4 Ke6
43.g4 Nf4 44.Ke4 Kf7 45.d5 Nh3 46.Nc3 Kg6 47.Nd1 Nf4 48.a4 h5 49.gxh5+ Nxh5
50.Ne3 Nf4 51.b4 Ne2 52.a5 bxa5 53.bxa5 Nc3+ 54.Kd4 Nb5+ 55.Kc5 Na7 56.a6 Kf7
57.Kd4 Nb5+ 58.Ke4 Kg6 59.e6 Kf6 60.Ng4+ Ke7 61.Ke5 Na7 62.Ne3 Nc8 63.Nf5+ Kf8
64.Kf6 {#r} 1-0

[Event "It (open)"]
[Site "masterchessopen.com Zalakaros (Hungary)"]
[Round "3"]
[White "Singer Richard (AUT)"]
[Black "Horvath Gyula (HUN)"]
[Result "0-1"]
[WhiteElo "2263"]
[BlackElo "2364"]

1.d4 Nf6 2.c4 e6 3.Nc3 Bb4 4.Qc2 d6 5.Nf3 Nbd7 6.Bg5 h6 7.Bh4 b6 8.a3 Bxc3+
9.Qxc3 Bb7 10.e3 Qe7 11.Be2 g5 12.Bg3 h5 13.h3 Ne4 14.Qc2 O-O-O 15.Bd3 Nxg3
16.fxg3 g4 17.Ng1 gxh3 18.Nxh3 Rdg8 19.Qf2 h4 20.g4 Rxg4 21.Rg1 Rhg8 22.Nf4
Qf6 23.Rd1 Rg3 24.d5 Qe5 25.Ne2 R3g7 26.Nf4 Nc5 27.b4 Qc3+ {#R} 0-1

[Event "It"]
[Site "masterchessopen.com Altensteig (Germany)"]
[Round "2"]
[White "Gabriel Christian (GER)"]
[Black "Bischoff Klaus (GER)"]
[Result "1/2-1/2"]
[WhiteElo "2510"]
[BlackElo "2515"]

1.d4 Nf6 2.c4 e6 3.Nc3 Bb4 4.Qc2 d6 5.Bg5 Nbd7 6.e3 c5 7.dxc5 dxc5 8.O-O-O
Bxc3 9.Qxc3 O-O 10.Bd3 h6 11.Bf4 b5 12.Nf3 bxc4 13.Bxc4 Bb7 14.Ne5 Nd5 15.Qb3
N7b6 16.Bg3 Qe7 17.Rd2 Rfd8 18.Rhd1 f6 19.Ng6 Qe8 20.Nf4 Nxf4 21.Rxd8 Rxd8
22.Rxd8 Qxd8 23.Bxf4 Nxc4 24.Qxc4 Bd5 25.Qxc5 e5 26.Bg3 Bxa2 27.Qc2 Qb8 28.f3
Bb3 29.Qd3 a5 30.Be1 a4 31.Bc3 e4 32.Qxe4 Qxh2 33.Qe8+ Kh7 34.Qe4+ Kh8 35.Qe8+
Bg8 36.Qxa4 Qxg2 37.Qf4 Qf1+ 38.Kc2 Qf2+ 39.Bd2 Qe2 40.e4 Qc4+ 41.Bc3 Qe2+
42.Bd2 Qc4+ 43.Bc3 {#d} 1/2-1/2

[Event "It (open) \"]
[Site "masterchessopen.com Argentina"]
[Round "5"]
[White "Quinteros Miguel A (ARG)"]
[Black "Panno Oscar (ARG)"]
[Result "1/2-1/2"]
[WhiteElo "2422"]
[BlackElo "2495"]

1.d4 Nf6 2.c4 e6 3.Nc3 Bb4 4.Qc2 d6 5.a3 Bxc3+ 6.Qxc3 O-O 7.g3 Bd7 8.Bg2 Bc6
9.Nf3 a5 10.b3 Be4 11.O-O b6 12.Bb2 Qe7 13.Rfd1 Nbd7 14.Rac1 c5 15.dxc5 bxc5
16.Nd2 Bxg2 17.Kxg2 Rfb8 18.a4 Rb6 19.Qc2 Qf8 20.Nb1 Qb8 21.Na3 Qb7+ 22.Kg1 d5
23.Bxf6 Nxf6 24.cxd5 exd5 25.Qxc5 Rxb3 26.Nb5 h6 27.Nc7 Rd8 28.Qxa5 Rb2 29.Rd2
d4 30.Rxb2 Qxb2 31.Re1 Ne4 32.Nd5 Rb8 33.Ne7+ Kf8 34.Nc6 Rc8 35.Qf5 Rxc6
36.Qxe4 Re6 37.Rb1 Rxe4 38.Rxb2 d3 39.exd3 Rxa4 40.Re2 Ra1+ 41.Kg2 Rd1 42.Re3
g5 43.g4 Kg7 44.Kf3 Rd2 45.h3 Kg6 46.Ke4 Rxf2 47.d4 h5 48.d5 {#d} 1/2-1/2

[Event "Ch World (juniors) (under 12)"]
[Site "masterchessopen.com Bratislava (Slovakia)"]
[Round "9"]
[White "Donovan Linton (BEL)"]
[Black "Munizaba Slobodan (SRB)"]
[Result "0-1"]
[WhiteElo "2262"]
[BlackElo "2335"]

1.d4 Nf6 2.c4 e6 3.Nc3 Bb4 4.Qc2 d6 5.Bg5 Nbd7 6.Nf3 b6 7.e3 Qe7 8.Be2 Bxc3+
9.bxc3 Bb7 10.h3 h6 11.Bf4 e5 12.Bh2 O-O 13.O-O Nh7 14.Rad1 e4 15.Nd2 f5 16.d5
Nc5 17.Nb3 Nxb3 18.Qxb3 Bc8 19.Rfe1 Nf6 20.a4 a5 21.Rb1 Nd7 22.Qc2 Nc5 23.Ra1
Bd7 24.Ra2 Rf6 25.Bf1 Raf8 26.Kh1 Qe8 27.Rea1 g5 28.g3 Qh5 29.Qe2 Qe8 30.Qc2
g4 31.h4 h5 32.Be2 Qe5 33.Bf1 Re8 34.Be2 Ref8 35.Bf1 Re8 36.Be2 Ref8 37.Bf1
Qe8 38.Be2 R8f7 39.Bf1 Re7 40.Be2 Re5 41.Bf1 Kg7 42.Be2 Kg6 43.Bf1 Rf8 44.Be2
Rf6 45.Bf1 Qa8 46.Qd1 Re8 47.Be2 Re5 48.Bf1 c6 49.Rd2 cxd5 50.cxd5 Re8 51.c4
Na6 52.Rb2 Nb4 53.Be2 Bc8 54.Qb3 Ba6 55.Rbb1 Rc8 56.Bf1 Rc5 57.Rd1 Qc8 58.Rd4
Rf7 59.Kg2 Rfc7 60.Rc1 Nxd5 61.Rcd1 Nf6 62.Rxd6 R7c6 63.Rd8 Qc7 64.Rh8 Rd6
65.Rd4 Rxd4 66.exd4 Bxc4 67.Bxc4 Rxc4 68.Qe3 Nh7 69.Re8 Rc6 70.Re5 Rf6 71.Qb3
Kg7 72.Qa3 Qd6 73.Re7+ Kg6 74.Qxd6 Rxd6 75.Rb7 Nf6 76.Bg1 Nd5 77.Kf1 Nc3 78.f4
gxf3 79.Be3 Nxa4 80.Rb8 Rd5 81.Rg8+ Kf6 82.Rh8 Kg6 83.Rg8+ Kf7 84.Rh8 Kg6
85.Rg8+ Kf6 86.Rh8 b5 87.Rxh5 Kg6 88.Rg5+ Kf7 89.h5 b4 90.h6 b3 91.Bc1 b2
92.Bxb2 Nxb2 93.h7 Rd8 94.Rxf5+ Kg6 95.Rxa5 Kxh7 96.Ra2 Nc4 97.Ra4 Rxd4
98.Ra7+ Kg6 99.Ra6+ Kf5 100.Ra8 Rd1+ 101.Kf2 Nb2 102.Rf8+ Ke5 103.g4 Rd2+
104.Ke3 Nc4# 0-1

[Event "It (c)"]
[Site "masterchessopen.com Debrecen (Hungary)"]
[Round "7"]
[White "Menyhart Tibor (HUN)"]
[Black "Emodi Barnabas (HUN)"]
[Result "1/2-1/2"]
[WhiteElo "2097"]
[BlackElo "2359"]

1.d4 Nf6 2.c4 e6 3.Nc3 Bb4 4.Qc2 d6 5.e3 O-O 6.Bd3 e5 7.Bd2 Re8 8.d5 c6 9.Nge2
cxd5 10.cxd5 Qe7 11.O-O a6 12.e4 Nbd7 13.a3 Bc5 14.b4 Ba7 15.a4 Nf8 16.h3 Ng6
17.a5 Bd7 18.b5 axb5 19.Bxb5 Bxb5 20.Nxb5 Rec8 21.Qd3 Bc5 22.Kh2 Nd7 {#d}
1/2-1/2

[Event "It (open)"]
[Site "masterchessopen.com Espoo (Finland)"]
[Round "0"]
[White "Salimaki Janne (FIN)"]
[Black "Luik Helmuth (EST)"]
[Result "0-1"]
[WhiteElo "2209"]
[BlackElo "2209"]

1.d4 Nf6 2.c4 e6 3.Nc3 Bb4 4.Qc2 d6 5.Nf3 Nbd7 6.a3 Bxc3+ 7.Qxc3 Qe7 8.Bg5 b6
9.e3 Bb7 10.Qc2 h6 11.Bh4 c5 12.Be2 g5 13.Bg3 Ne4 14.O-O-O O-O-O 15.d5 Ndf6
16.Qb3 h5 17.h4 Nxg3 18.fxg3 Ne4 19.Rhe1 g4 20.Ng5 Nxg5 21.hxg5 Qxg5 22.Kb1
Qe5 23.Rf1 Rd7 24.Rf4 Re7 25.e4 f5 26.Bd3 fxe4 27.Bxe4 exd5 28.Bxd5 h4
29.Bxb7+ Kxb7 30.Rdf1 h3 31.gxh3 gxh3 32.Qf3+ Kc7 33.Rf8 Rxf8 34.Qxf8 Qe4+
35.Ka1 h2 36.Ka2 Qxc4+ 37.Ka1 Qe4 {#R} 0-1

[Event "It (open)"]
[Site "masterchessopen.com Finkenstein (Austria)"]
[Round "6"]
[White "Kramer George Mo (USA)"]
[Black "Fernandez Aguado Enrique (ESP)"]
[Result "0-1"]
[WhiteElo "2267"]
[BlackElo "2362"]

1.d4 Nf6 2.c4 e6 3.Nc3 Bb4 4.Qc2 d6 5.Bd2 Nc6 6.e3 e5 7.dxe5 dxe5 8.a3 Be7
9.b4 O-O 10.Nf3 Bg4 11.Be2 Qd6 12.Rd1 Qe6 13.O-O Bxf3 14.gxf3 a5 15.b5 Nd8
16.Bc1 Qh3 17.Kh1 Ne6 18.Rg1 Nc5 19.Rg3 Qe6 20.Nd5 Ne8 21.Rdg1 Bh4 22.Nxc7 Qc8
23.Nxa8 Bxg3 24.fxg3 Qxa8 25.Rd1 Nf6 26.Bb2 Qe8 27.e4 Qe6 28.Kg2 Nfd7 29.Rd5
Rc8 30.Qd1 h5 31.h4 Qe7 32.Kh2 f6 33.Rd2 Nb6 34.Qc2 a4 35.Rd1 Nb3 36.Kg2 Qc5
37.Kf1 Nxc4 38.Bxc4+ Qxc4+ 39.Qxc4+ Rxc4 40.Re1 Rc5 41.Re2 Rxb5 42.Rc2 Nc5
43.Bc3 Rb3 44.Ke2 Ne6 45.Bb2 Kf7 46.Kf2 g5 47.Bc1 gxh4 48.gxh4 Rxf3+ 49.Kxf3
Nd4+ 50.Ke3 Nxc2+ 51.Kd3 Nd4 52.Be3 Ke6 53.Kc4 f5 {#R} 0-1

[Event "Ch World (qual) (PCA)"]
[Site "masterchessopen.com Groningen (Netherlands)"]
[Round "7"]
[White "Alterman Boris (ISR)"]
[Black "Hansen Curt (DEN)"]
[Result "1-0"]
[WhiteElo "2585"]
[BlackElo "2590"]

1.d4 Nf6 2.c4 e6 3.Nc3 Bb4 4.Qc2 d6 5.Bg5 Nbd7 6.e3 c5 7.dxc5 Nxc5 8.Ne2 Bd7
9.O-O-O O-O 10.Kb1 Bc6 11.f3 a5 12.e4 Ncd7 13.a3 Qb6 14.Na4 Qa7 15.Nd4 Rfc8
16.Bxf6 Nxf6 17.axb4 axb4 18.Nxc6 Rxc6 19.e5 Nd5 20.Qb3 Nb6 21.Nxb6 Rxb6
22.exd6 Ra6 23.Be2 Qf2 24.d7 Ra1+ 25.Kc2 Rxd1 26.Rxd1 {#r} 1-0